Sports Quiz

Random Sports or NFL Quiz

2014 NFL Opening Day Quarterbacks Quiz Stats

Quiz Updated Sep 17, 2014

Challenge
Share
Tweet
Embed
Score 0/81 Timer 12:00
1 Play Today
Team Player % Correct
PatriotsTom Brady
96.3%
BroncosPeyton Manning
95.4%
GiantsEli Manning
95.4%
JetsGeno Smith
93.3%
ChiefsAlex Smith
93.3%
CowboysTony Romo
91.9%
ColtsAndrew Luck
91.7%
PackersAaron Rodgers
91.3%
SeahawksRussell Wilson
90.9%
RavensJoe Flacco
90.3%
SaintsDrew Brees
89.6%
BearsJay Cutler
89%
FalconsMatt Ryan
89%
PanthersCam Newton
88.8%
LionsMatthew Stafford
88.7%
ChargersPhilip Rivers
88.5%
RedskinsRobert Griffin III
88.4%
BengalsAndy Dalton
88.1%
SteelersBen Roethlisberger
85.7%
CardinalsCarson Palmer
85.6%
DolphinsRyan Tannehill
85.3%
49ersColin Kaepernick
84.7%
JetsMichael Vick
83.9%
EaglesNick Foles
82.6%
BrownsJohnny Manziel
81.4%
BillsE.J. Manuel
80.7%
RaidersDerek Carr
78%
Team Player % Correct
TexansRyan Fitzpatrick
77.1%
BrownsBrian Hoyer
75.5%
VikingsTeddy Bridgewater
73%
JaguarsBlake Bortles
72.9%
RedskinsKirk Cousins
72.8%
VikingsMatt Cassel
72.1%
TitansJake Locker
66.4%
BuccaneersJosh McCown
66.4%
JaguarsChad Henne
66%
SaintsLuke McCown
65.9%
EaglesMark Sanchez
64.5%
RaidersMatt Schaub
64.4%
PackersMatt Flynn
55.7%
BillsKyle Orton
54.3%
ColtsMatt Hasselbeck
49.4%
VikingsChristian Ponder
46.5%
RamsShaun Hill
46.4%
TexansRyan Mallett
45.5%
SeahawksTarvaris Jackson
44.3%
49ersBlaine Gabbert
44%
PanthersDerek Anderson
43.5%
BuccaneersMike Glennon
42.2%
BroncosBrock Osweiler
40.9%
RavensTyrod Taylor
39.8%
RedskinsColt McCoy
39.6%
CowboysBrandon Weeden
38.3%
DolphinsMatt Moore
37.1%
Team Player % Correct
LionsKellen Moore
36.7%
SteelersLandry Jones
36.2%
49ersJosh Johnson
34.7%
RamsAustin Davis
34.1%
CardinalsDrew Stanton
33.8%
PatriotsJimmy Garoppolo
32.8%
TitansCharlie Whitehurst
32.1%
EaglesMatt Barkley
31.2%
BearsJimmy Clausen
29.9%
TitansZach Mettenberger
28.8%
RamsCase Keenum
28.6%
FalconsT.J. Yates
28.3%
ChiefsChase Daniel
27.3%
PackersScott Tolzien
24.6%
RaidersMatt McGloin
22.2%
BengalsJason Campbell
21.5%
GiantsRyan Nassib
20.7%
SteelersBruce Gradkowski
20.3%
LionsDan Orlovsky
19%
CardinalsLogan Thomas
17.8%
TexansTom Savage
17.7%
ChargersKellen Clemens
17.1%
ChiefsAaron Murray
13.2%
PanthersJoe Webb
12%
BearsDavid Fales
7.4%
FalconsSean Renfree
5.2%
CowboysDustin Vaughan
3.1%

You're not logged in!

Compare scores with friends on all Sporcle quizzes.
Join for Free
OR
Log In

You Might Also Like...

Show Comments

Extras

Top Quizzes Today


Score Distribution

Your Account Isn't Verified!

In order to create a playlist on Sporcle, you need to verify the email address you used during registration. Go to your Sporcle Settings to finish the process.

Report this User

Report this user for behavior that violates our Community Guidelines.

Details: